<?xml version="1.0" encoding="UTF-8"?>
<record
    xmlns:xsi="http://www.w3.org/2001/XMLSchema-instance"
    xsi:schemaLocation="http://www.loc.gov/MARC21/slim http://www.loc.gov/standards/marcxml/schema/MARC21slim.xsd"
    xmlns="http://www.loc.gov/MARC21/slim">

  <leader>00839nam a2200217 a 4500</leader>
  <controlfield tag="001">38752</controlfield>
  <controlfield tag="003">BD-RjUL</controlfield>
  <controlfield tag="005">20211209052844.0</controlfield>
  <controlfield tag="008">160217s1966    bg ||||| |||| 00| 0 ben d</controlfield>
  <datafield tag="035" ind1=" " ind2=" ">
    <subfield code="a">(BD-RjUL)38861</subfield>
  </datafield>
  <datafield tag="040" ind1=" " ind2=" ">
    <subfield code="a">BD-RjUL</subfield>
    <subfield code="b">eng</subfield>
    <subfield code="c">BD-RjUL</subfield>
  </datafield>
  <datafield tag="041" ind1=" " ind2=" ">
    <subfield code="a">ben</subfield>
  </datafield>
  <datafield tag="082" ind1=" " ind2=" ">
    <subfield code="a">891.4408</subfield>
    <subfield code="b">DAS 1966</subfield>
  </datafield>
  <datafield tag="100" ind1=" " ind2=" ">
    <subfield code="a">&#x9A6;&#x9BE;&#x9B6;&#x997;&#x9C1;&#x9AA;&#x9CD;&#x9A4;, &#x9B0;&#x9A3;&#x9C7;&#x9B6; </subfield>
    <subfield code="9">119541</subfield>
  </datafield>
  <datafield tag="245" ind1=" " ind2=" ">
    <subfield code="a">&#x9B6;&#x9BF;&#x9B2;&#x9CD;&#x9AA;&#x9C0;&#x9B0; &#x9B8;&#x9CD;&#x9AC;&#x9BE;&#x9A7;&#x9C0;&#x9A8;&#x9A4;&#x9BE; &#x9AA;&#x9CD;&#x9B0;&#x9B6;&#x9CD;&#x9A8;&#x9C7; /</subfield>
    <subfield code="c">&#x9B0;&#x9A3;&#x9C7;&#x9B6; &#x9A6;&#x9BE;&#x9B6;&#x997;&#x9C1;&#x9AA;&#x9CD;&#x9A4;</subfield>
  </datafield>
  <datafield tag="260" ind1=" " ind2=" ">
    <subfield code="a">&#x9A2;&#x9BE;&#x995;&#x9BE; :</subfield>
    <subfield code="b">&#x9AE;&#x9C1;&#x995;&#x9CD;&#x9A4;&#x9A7;&#x9BE;&#x9B0;&#x9BE; &#x9AA;&#x9CD;&#x9B0;&#x995;&#x9BE;&#x9B6;&#x9A8;&#x9C0;,</subfield>
    <subfield code="c">&#x9E7;&#x9EF;&#x9EC;&#x9EC;</subfield>
  </datafield>
  <datafield tag="300" ind1=" " ind2=" ">
    <subfield code="a">&#x9EF;&#x9EE; &#x9AA;&#x9C3;. ;</subfield>
    <subfield code="c">&#x9E8;&#x9E7; &#x9B8;&#x9C7;&#x9AE;&#x9BF;.</subfield>
  </datafield>
  <datafield tag="650" ind1=" " ind2=" ">
    <subfield code="a">&#x9AC;&#x9BE;&#x982;&#x9B2;&#x9BE; &#x9B8;&#x9BE;&#x9B9;&#x9BF;&#x9A4;&#x9CD;&#x9AF;</subfield>
    <subfield code="v">&#x9B8;&#x982;&#x997;&#x9C3;&#x9B9;&#x9C0;&#x9A4; &#x9AA;&#x9CD;&#x9B0;&#x9AC;&#x9A8;&#x9CD;&#x9A7;</subfield>
    <subfield code="9">119542</subfield>
  </datafield>
  <datafield tag="650" ind1=" " ind2=" ">
    <subfield code="a">Bengali literature</subfield>
    <subfield code="v">Collected essays</subfield>
    <subfield code="9">119543</subfield>
  </datafield>
  <datafield tag="942" ind1=" " ind2=" ">
    <subfield code="2">ddc</subfield>
    <subfield code="c">BK</subfield>
  </datafield>
  <datafield tag="999" ind1=" " ind2=" ">
    <subfield code="c">38752</subfield>
    <subfield code="d">38752</subfield>
  </datafield>
  <datafield tag="952" ind1=" " ind2=" ">
    <subfield code="0">0</subfield>
    <subfield code="1">0</subfield>
    <subfield code="2">ddc</subfield>
    <subfield code="4">0</subfield>
    <subfield code="7">0</subfield>
    <subfield code="8">NFIC</subfield>
    <subfield code="a">RUCL</subfield>
    <subfield code="b">RUCL</subfield>
    <subfield code="c">Stack</subfield>
    <subfield code="d">1966-02-26</subfield>
    <subfield code="e">&#x9A2;&#x9BE;&#x995;&#x9BE;, &#x9A8;&#x993;&#x9B0;&#x9CB;&#x99C;</subfield>
    <subfield code="g">2.50</subfield>
    <subfield code="l">5</subfield>
    <subfield code="o">B 891.4408 DAS 1966</subfield>
    <subfield code="q">2026-06-08</subfield>
    <subfield code="r">2026-05-14 11:55:06</subfield>
    <subfield code="s">2026-05-14</subfield>
    <subfield code="t">C-2</subfield>
    <subfield code="w">2016-02-17</subfield>
    <subfield code="y">BK</subfield>
  </datafield>
</record>
